书目信息 |
| 题名: |
中国的道路:我眼中的中国经济
|
|
| 作者: | 邱晓华 著 | |
| 分册: | ||
| 出版信息: | 北京 首都经济贸易大学出版社 2000.02 |
|
| 页数: | 458页 | |
| 开本: | 32开 | |
| 丛书名: | ||
| 单 册: | ||
| 中图分类: | F120.3 | |
| 科图分类: | ||
| 主题词: | 经济--中国 | |
| 电子资源: | ||
| ISBN: | 7-5638-0816-7 | |
| 000 | 00562nam0 2200181 45 | |
| 001 | 0103231076 | |
| 005 | 20061212101825.93 | |
| 010 | @a7-5638-0816-7@d27.50元 | |
| 100 | @a20010323d2000 km y0chiy0120 ea | |
| 101 | 0 | @achi |
| 200 | 1 | @a中国的道路:我眼中的中国经济@AZhong Guo De Dao Lu:Wo Yan Zhong De Zhong Guo Jing Ji@f邱晓华著@FQiu Xiao Hua Zhu |
| 210 | @a北京@c首都经济贸易大学出版社@d2000.02 | |
| 215 | @a458页@d32开 | |
| 606 | 0 | @a经济@x中国 |
| 690 | @aF120.3@v3 | |
| 701 | 0 | @a邱晓华@4著 |
| 801 | @aCN@bPftUser@c20061212 | |
| 905 | @b331603-604@dF120.3@eQ334@f2 | |
| 中国的道路:我眼中的中国经济/邱晓华著.-北京:首都经济贸易大学出版社,2000.02 |
| 458页;32开 |
| ISBN 7-5638-0816-7:27.50元 |
| ● |
| 相关链接 |
|
|
|
正题名:中国的道路:我眼中的中国经济
索取号:F120.3/Q334
 
预约/预借
| 序号 | 登录号 | 条形码 | 馆藏地/架位号 | 状态 | 备注 |
| 1 | 331603 | 203316036 | 社科库409/409社科库 68排1列3层/ [索取号:F120.3/Q334] | 在馆 | |
| 2 | 331604 | 203316045 | 社科二线422/409社科库 68排1列3层/ [索取号:F120.3/Q334] | 在馆 | |
| 3 | 443829 | 204438297 | 管理学院资料室/ [索取号:F120.3/Q334] | 在馆 |